00558nam a2200181Ia 450000500170000000800410001702000150005808200130007310000180008624500600010426000560016430000180022065000120023865000100025094200060026095200950026699900150036120240614051333.0240331s9999 xx 000 0 und d a8173042594 bKLAa305 aKlass, Morton 0aCaste :bThe emergence of the South Asian social system aNew DelhibManohar Publishers & Distributorsc1998 axxv, 212 p ., aEconomy aCaste cL 001040708LaWERCLbWERCLcSSCd2024-03-31l0o 305 KLAp2912r2024-03-31w2024-03-31yL c1503d1503